[Event "ch-AZE"]
[Site "Baku AZE"]
[Date "2009.01.14"]
[Round "2"]
[White "Guliev,L"]
[Black "Rasulov,Vu"]
[Result "0-1"]
[WhiteElo "2470"]
[BlackElo "2391"]

1.e4 c5 2.Nf3 e6 3.d4 cxd4 4.Nxd4 a6 5.Nc3 Qc7 6.Be3 b5 7.Qd2 Nf6 8.f3 Bb7
9.O-O-O b4 10.Na4 d5 11.g4 h6 12.e5 Nfd7 13.f4 Nc6 14.Kb1 Nxd4 15.Bxd4 Bc6
16.b3 Bxa4 17.bxa4 Bc5 18.Ba1 Nb6 19.h4 Nxa4 20.Rh3 Be7 21.h5 Rb8 22.Rb3 Nc5
23.Bd3 a5 24.Bd4 Na4 25.Qe2 Qc6 26.f5 Kd7 27.Rf1 Nc5 28.Bxc5 Qxc5 29.a4 bxa3
30.Bb5+ Kd8 31.Qd3 Qc7 32.c4 a4 33.Bxa4 a2+ 34.Kc2 Ra8 35.f6 gxf6 36.exf6 Bd6
37.c5 Rxa4 38.Rc3 Be5  0-1

[Event "ch-AZE"]
[Site "Baku AZE"]
[Date "2009.01.16"]
[Round "4"]
[White "Babaev,Ra"]
[Black "Rasulov,Vu"]
[Result "1-0"]
[WhiteElo "2491"]
[BlackElo "2391"]

1.e4 c5 2.Nf3 e6 3.d4 cxd4 4.Nxd4 a6 5.Nc3 Qc7 6.Be2 b5 7.O-O Bb7 8.Re1 Nc6
9.Nxc6 dxc6 10.e5 Rd8 11.Bd3 c5 12.Qh5 g6 13.Qh3 Bg7 14.Bg5 Ne7 15.Be4 Rd4
16.Bxb7 Qxb7 17.f3 h6 18.Be3 Rc4 19.Ne4 Bxe5 20.c3 Qc7 21.Rad1 Nd5 22.Bc1 Nf6
23.Ng5 Bxh2+ 24.Kh1 Qg3 25.Qxe6+ fxe6 26.Rxe6+ Kf8 27.Rxf6+ Ke8 28.Re6+ Kf8
29.Rd8+ Kg7 30.Rd7+  1-0

[Event "ch-AZE"]
[Site "Baku AZE"]
[Date "2009.01.16"]
[Round "4"]
[White "Guliev,L"]
[Black "Gasimov,R"]
[Result "0-1"]
[WhiteElo "2470"]
[BlackElo "2409"]

1.e4 c5 2.Nf3 e6 3.d4 cxd4 4.Nxd4 a6 5.Nc3 Qc7 6.g3 Nf6 7.Bg2 Be7 8.O-O O-O
9.a4 Nc6 10.Re1 d6 11.b3 Bd7 12.Nce2 e5 13.Nxc6 Bxc6 14.Qd3 b5 15.axb5 axb5
16.Ba3 Qb7 17.Nc1 Nd7 18.Qe2 f5 19.Bb2 Rxa1 20.Bxa1 Nf6 21.Nd3 Bxe4 22.Bxe4 fxe4
23.Nc1 Qd7 24.Rf1 Qh3 25.f3 Qd7 26.Bb2 exf3 27.Rxf3 Rc8 28.Nd3 Qc6 29.Ne1 Ne4
30.Re3 d5 31.Nd3 Bg5 32.Rf3 Qxc2 33.Qxc2 Rxc2 34.Bxe5 Nd2 35.Rf5 g6 36.Ne1 gxf5  0-1

[Event "IMA"]
[Site "Marianske Lazne CZE"]
[Date "2009.01.20"]
[Round "4"]
[White "Wieczorek,O"]
[Black "Rojicek,V"]
[Result "0-1"]
[WhiteElo "2265"]
[BlackElo "2375"]

1.e4 c5 2.Nf3 e6 3.d4 cxd4 4.Nxd4 a6 5.Nc3 Qc7 6.g3 Bb4 7.Bd2 Nf6 8.Bg2 Nc6
9.Nb3 Be7 10.O-O d6 11.f4 b5 12.e5 dxe5 13.fxe5 Nxe5 14.Bf4 Rb8 15.Qe2 Nfd7
16.Rad1 f6 17.Kh1 Bb7 18.Nd4 Qc4 19.Bxb7 Rxb7 20.Qxc4 bxc4 21.Nxe6 Kf7 22.Ng5+ Kg6
23.Nf3 Rxb2 24.Nd5 Bc5 25.Bxe5 Nxe5 26.Nf4+ Kh6 27.Rd5 Be3 28.Nxe5 fxe5 29.Rxe5 Bxf4
30.Rxf4 Rxc2 31.Rh4+ Kg6 32.Re6+ Kf7 33.Rxa6 Rd8 34.Rf4+ Kg8 35.Kg1 c3 36.Rc6 h6
37.Rc7 Rd1+ 38.Rf1 Rdd2 39.Rff7 Rc1+ 40.Rf1 Rxf1+ 41.Kxf1 c2  0-1

[Event "Open"]
[Site "Marianske Lazne CZE"]
[Date "2009.01.21"]
[Round "5"]
[White "Barski,R"]
[Black "Kuebler,M"]
[Result "1-0"]
[WhiteElo "2180"]
[BlackElo "2028"]

1.e4 c5 2.Nf3 e6 3.d4 cxd4 4.Nxd4 a6 5.Nc3 Qc7 6.Bd3 Nf6 7.O-O Bc5 8.Nb3 Be7
9.f4 d6 10.Qe2 Nc6 11.Bd2 O-O 12.Rad1 Nb4 13.e5 Nfd5 14.Nxd5 Nxd5 15.c4 Qb6+
16.Kh1 Nb4 17.Bb1 g6 18.exd6 Bxd6 19.Rc1 Bc5 20.Qe5  1-0

[Event "ch-PriFO"]
[Site "Kazan RUS"]
[Date "2009.01.22"]
[Round "2"]
[White "Tukhvatullin,V"]
[Black "Ozolin,M"]
[Result "1/2-1/2"]
[WhiteElo "2227"]
[BlackElo "2377"]

1.e4 c5 2.Nf3 e6 3.d4 cxd4 4.Nxd4 a6 5.Nc3 Qc7 6.g3 Nf6 7.Bg2 Be7 8.O-O O-O
9.a4 Nc6 10.Nb3 d6 11.f4 Rb8 12.g4 b5 13.axb5 axb5 14.g5 Nd7 15.Qe2 b4 16.Nd1 Bb7
17.Ne3 Ra8 18.Bd2 Qb6 19.Rxa8 Rxa8 20.Qf2 Ra2 21.Bc1 Ba6 22.Rd1 Bb5 23.Bf1 Bxf1
24.Kxf1 Na5 25.Nxa5 Qxa5 26.Nc4 Qa6 27.Qe2 Nc5 28.Nd2 Qa8 29.Qc4 d5 30.exd5 exd5
31.Qd4 Ne6 32.Qe5 Qa6+ 33.Kf2 Bd6 34.Qxd5 Nxf4 35.Qc4 Qa7+ 36.Kf3 Qd7 37.Ne4 Qh3+
38.Ng3 Qg2+ 39.Ke3 Ra8 40.Rxd6 Nh3 41.Qd5 Re8+ 42.Kd3 Qxh2 43.Qf3 Nf2+ 44.Kc4 Ne4
45.Nxe4 Qxc2+ 46.Kd5 Qxc1 47.Rd7 Rf8 48.b3 Qc8 49.Qf5 Qa8+ 50.Kd4 Qa1+ 51.Ke3 Qe1+
52.Kf3 Qh1+ 53.Kg4 Qg1+ 54.Ng3 Qe3 55.Qd5 Qc3 56.Rd8 Qc7 57.Rxf8+ Kxf8 58.Qa8+ Ke7
59.Nf5+ Kd7 60.Qd5+ Kc8 61.Nd6+ Kb8 62.Qb5+ Ka7 63.Qa4+ Kb6 64.Qxb4+ Kc6
65.Nf5 Qe5 66.Qc4+ Kb6 67.Qb4+ Kc6 68.Qc4+ Kb6 69.Qd4+ Qxd4+ 70.Nxd4 Kc5
71.Nc2 f6 72.gxf6 gxf6 73.b4+ Kc4 74.Kf5 h5 75.Kf4 Kb5  1/2-1/2

[Event "Open"]
[Site "Marianske Lazne CZE"]
[Date "2009.01.22"]
[Round "6"]
[White "Bielczyk,J"]
[Black "Minina,V"]
[Result "1/2-1/2"]
[WhiteElo "2317"]
[BlackElo "2125"]

1.e4 c5 2.Nf3 e6 3.Nc3 a6 4.d4 cxd4 5.Nxd4 Qb6 6.Nb3 Qc7 7.Bd3 b5 8.Be3 Bb7
9.f4 Nf6 10.Qf3 b4 11.Na4 d5 12.Nac5 dxe4 13.Nxe4 Nbd7 14.O-O Nxe4 15.Bxe4 Bxe4
16.Qxe4 Rc8 17.f5  1/2-1/2

[Event "IMA"]
[Site "Marianske Lazne CZE"]
[Date "2009.01.22"]
[Round "7"]
[White "Weinwurm,W"]
[Black "Rojicek,V"]
[Result "1-0"]
[WhiteElo "2167"]
[BlackElo "2375"]

1.e4 c5 2.Nf3 e6 3.d4 cxd4 4.Nxd4 a6 5.Nc3 Qc7 6.Bd3 Nf6 7.O-O Bc5 8.Nb3 Be7
9.f4 d6 10.a4 b6 11.e5 dxe5 12.fxe5 Nfd7 13.Qg4 g6 14.Bf4 Nc6 15.Rae1 Bb7
16.Qg3 g5 17.Bxg5 Rg8 18.Nd5 Qb8 19.Nxe7 Nxe7 20.Qf4 Rg7 21.Rf2 Nd5 22.Qh4 Nxe5
23.Be4 Nd7 24.Bh6 Rg6 25.Bxg6 hxg6 26.Bg5 Nf8 27.c4 Nb4 28.Ref1 f5 29.Qd4 Qc7
30.Rd2 Be4 31.Qf6 Nd3 32.Rfd1 Qxc4 33.Qe7+  1-0

[Event "Open"]
[Site "Marianske Lazne CZE"]
[Date "2009.01.24"]
[Round "8"]
[White "Sadzikowski,D"]
[Black "Zemerov,V"]
[Result "1-0"]
[WhiteElo "2195"]
[BlackElo "2317"]

1.e4 c5 2.Nf3 e6 3.d4 cxd4 4.Nxd4 a6 5.Nc3 Qc7 6.Bd3 Nf6 7.O-O d6 8.Qe2 Be7
9.Kh1 Nbd7 10.f4 g6 11.Bd2 O-O 12.Rae1 Rd8 13.f5 Ne5 14.Bg5 Rf8 15.Qf2 Nfg4
16.Qh4 Bxg5 17.Qxg5 Qd8 18.f6 h6 19.Qh4 Kh7 20.Nf3 Rh8 21.Nxe5 Nxe5 22.Re3 Kg8
23.Rg3 Bd7 24.Ne2 Qa5 25.Nf4 Kf8 26.Rh3 Rh7 27.Qf2 Qc5 28.Qd2 h5 29.Rg3 Rd8
30.Rg5 Ke8 31.Nxg6 fxg6 32.Rxg6 Bb5 33.Rg7 Rxg7 34.fxg7 Kd7 35.Rf8 Qc8 36.Bxb5+ axb5
37.Qf2 Ng6 38.g8=Q Rxf8 39.Qg7+ Kc6 40.Qc3+ Kd7 41.Qxc8+ Kxc8 42.Qe2 Ne5
43.h3 h4 44.Qxb5 Kc7 45.Qa5+ Kd7 46.Qb6 Rf1+ 47.Kh2 Rc1 48.Qxb7+ Ke8 49.Qc8+ Kf7
50.a4 Re1 51.Qh8  1-0

[Event "1st Open"]
[Site "Gurgon IND"]
[Date "2009.01.26"]
[Round "7"]
[White "Sengupta,D"]
[Black "Prathamesh,S"]
[Result "1-0"]
[WhiteElo "2445"]
[BlackElo "2389"]

1.e4 c5 2.Nf3 e6 3.d4 cxd4 4.Nxd4 a6 5.Nc3 b5 6.Be3 Bb7 7.f3 Nf6 8.Qd2 b4
9.Na4 d5 10.e5 Nfd7 11.f4 Nc6 12.Nb3 g5 13.f5 Qc7 14.fxe6 fxe6 15.Be2 Qxe5
16.Bh5+ Kd8 17.O-O-O Be7 18.Rhe1 Qf6 19.Nac5 Nxc5 20.Nxc5 Bc8 21.Bg4 Kc7
22.h4 h6 23.Rf1 Qg6 24.h5 Qg8 25.Qe2 Rh7 26.Bg1 Bxc5 27.Bxc5 Bd7 28.Rf6 e5
29.Rdf1 d4 30.Qe4 Be8 31.Bf3 Qc4 32.Rxc6+  1-0

[Event "7th Gibtelecom Masters"]
[Site "Caleta ENG"]
[Date "2009.01.27"]
[Round "1"]
[White "Urbina Perez,J"]
[Black "Knight,S"]
[Result "1-0"]
[WhiteElo "2215"]
[BlackElo "2148"]

1.e4 c5 2.Nf3 a6 3.Nc3 e6 4.d4 cxd4 5.Nxd4 Qc7 6.Bd3 Nc6 7.Be3 b5 8.Nxc6 dxc6
9.a4 b4 10.Na2 c5 11.Qe2 Nf6 12.O-O Be7 13.f3 O-O 14.c3 Bd6 15.g3 Bb7 16.cxb4 cxb4
17.Nc1 Rfd8 18.Rd1 Nd7 19.Nb3 Ne5 20.Rac1 Qe7 21.Na5 Nxd3 22.Rxd3 Be5 23.Rcd1 Rxd3
24.Qxd3 g6 25.b3 Bf6 26.Kf2 Rc8 27.Nc4 Qd8 28.Qxd8+ Rxd8 29.Rxd8+ Bxd8 30.a5 Be7
31.Bb6 f5 32.Ke3 Kf7 33.Kd4 Ke8 34.Bc5 Bxc5+ 35.Kxc5 fxe4 36.fxe4 Kd7 37.Nd6 Bc6
38.Ne8 Ba8 39.Nf6+ Kc7 40.e5 h5 41.Kxb4 Bf3 42.Kc5 Bd1 43.b4 Bc2 44.Ne8+ Kd7
45.Nd6 Kc7 46.b5 Bd3 47.bxa6 Bxa6 48.Nb5+ Kd7 49.Kb6 Bc8 50.Nd6  1-0

[Event "ch-PriFO"]
[Site "Kazan RUS"]
[Date "2009.01.27"]
[Round "7"]
[White "Beliaev,Va"]
[Black "Ospennikov,D"]
[Result "1-0"]
[WhiteElo "2049"]
[BlackElo "2259"]

1.e4 c5 2.Nf3 e6 3.Nc3 a6 4.d4 cxd4 5.Nxd4 d6 6.Be2 Nf6 7.Be3 Be7 8.Qd2 O-O
9.O-O-O b5 10.Bf3 b4 11.Nce2 d5 12.exd5 Nxd5 13.Nf5 Bb7 14.Nf4 Nxe3 15.Qxe3 Qc7
16.Nxe6 fxe6 17.Qxe6+ Rf7 18.Rhe1 Bg5+ 19.Kb1 Bxf3 20.gxf3 Nd7 21.Ne7+ Bxe7
22.Rxd7 Qxh2 23.Rxe7 Qf4 24.Qd5 Rf8 25.Re8 g6 26.Rxf8+ Kxf8 27.Qa8+ Kg7 28.Qxa6 Qxf3
29.Qc4 Qxf2 30.Qxb4 h5 31.a4 h4 32.a5 Kh7 33.Qc3 Qg2 34.Re8 Qf1+ 35.Ka2 Rf6
36.Qc7+ Kh6 37.Rh8+ Kg5 38.Qe5+ Rf5 39.Qe7+ Rf6 40.Rc8 h3 41.Qd8 Qf2 42.b4 h2
43.Qd5+ Rf5 44.Qd8+ Kg4 45.Qd1+ Qf3 46.Rc4+ Kh3 47.Qe1 Qg3 48.Rc3 Rf3 49.Qe6+ Kg2
50.Rxf3 Kxf3 51.a6 Kf2 52.Qf6+ Ke1 53.Qa1+ Kd2 54.a7 Qf3 55.Qd4+ Kxc2 56.Qc4+ Kd2
57.Qd4+ Ke2 58.Qe5+ Kd3 59.Qxh2 Qf7+ 60.Kb2 Qg7+ 61.Kb1 Qxa7 62.Qc2+ Ke3
63.Qc5+ Qxc5 64.bxc5 g5 65.c6 g4 66.c7 g3 67.c8=Q g2 68.Kc2 Kf2 69.Qf8+  1-0

[Event "1st Open"]
[Site "Gurgon IND"]
[Date "2009.01.29"]
[Round "10"]
[White "Iuldachev,S"]
[Black "Himanshu,Sh"]
[Result "0-1"]
[WhiteElo "2520"]
[BlackElo "2405"]

1.e4 c5 2.Nc3 e6 3.Nf3 a6 4.d4 cxd4 5.Nxd4 Qc7 6.g3 Bb4 7.Nb3 Nf6 8.Bg2 d5
9.Bd2 dxe4 10.O-O Nbd7 11.Nxe4 Bxd2 12.Nbxd2 O-O 13.c4 Rb8 14.Rc1 b6 15.b4 a5
16.c5 bxc5 17.bxc5 Nd5 18.Re1 Ba6 19.c6 Ne5 20.Nc5 Bc8 21.Ndb3 Nxc6 22.Bxd5 exd5
23.Qxd5 Nb4 24.Qd2 Bh3 25.Ne6 Qb7 26.Nf4 Bg4 27.h3 Rbd8 28.Qb2 Bf3 29.Nxa5 Qb5
30.Nc4 Ba8 31.Kh2 Qa4 32.Nh5 f6 33.Nb6 Qa5 34.Nxa8 Nd3 35.Qb6 Qxh5 36.Red1 Qf5
37.Rd2 Rb8 38.Qc6 Nxc1 39.Nc7 Nxa2 40.Rxa2 Rbc8 41.Qb6 Qe4 42.Ra7 Rb8 43.Qd6 Rb7
44.Rxb7 Qxb7 45.Ne6 Re8 46.h4 Qe7 47.Qxe7 Rxe7 48.Nf4 Kf7 49.h5 Re4 50.Kg2 f5
51.Kf3 Ra4 52.Kg2 Kf6 53.Kh3 Rd4 54.Kg2 Re4 55.Nh3 Re7 56.Kf3 Re1 57.Kg2 Re7
58.Kf3 Ra7 59.Kg2 g5 60.hxg6 hxg6 61.Nf4 g5 62.Ne2 Ra2 63.Nd4 g4 64.Kf1 Ke5
65.Ne2 Rc2 66.Nf4 Rc4 67.Ng6+ Ke4 68.Kg2 Rc2 69.Nf4 Ra2 70.Ne6 Kd3 71.Ng7 Ra5
72.Ne6 Ke2 73.Nd4+ Ke1 74.Nc2+ Kd2 75.Nd4 Rd5 76.Ne6 Ke1 77.Kg1 Rd1 78.Nf4 Ra1
79.Kg2 Ra4 80.Nd3+ Kd2 81.Nf4 Rd4 82.Kf1 Rd8 83.Ne6 Rd6 84.Nf4 Ra6 85.Kg2 Ra4
86.Kf1 Ra1+ 87.Kg2 Rd1 88.Ne6 Ke2 89.Nf4+ Ke1 90.Kg1 Rd2 91.Ng2+ Ke2 92.Nh4 Rd1+
93.Kg2 Rf1  0-1

[Event "7th Gibtelecom Masters"]
[Site "Caleta ENG"]
[Date "2009.01.30"]
[Round "4"]
[White "Whitehead,D"]
[Black "Helin,M"]
[Result "1-0"]
[WhiteElo "2155"]
[BlackElo "1974"]

1.e4 c5 2.Nf3 a6 3.d4 cxd4 4.Nxd4 e6 5.Nc3 Qc7 6.Bd3 Nf6 7.O-O h5 8.h3 Bc5
9.Be3 Ng4 10.hxg4 hxg4 11.g3 Qe5 12.Qxg4 Bxd4 13.Bf4 Qf6 14.e5 Qe7 15.Qxg7 Qf8
16.Qxf8+ Rxf8 17.Ne4 Kd8 18.Bg5+ Kc7 19.Be7 Rh8 20.Bd6+ Kc6 21.Nf6 Kb6 22.Kg2 Nc6
23.f4 Ka7 24.c3 Bb6 25.Rh1 Rxh1 26.Rxh1 Bd8 27.Ne4 b6 28.Rh7 Ne7 29.Rxf7 Nf5
30.Kf3 b5 31.g4 Nh4+ 32.Kg3 Ng6 33.Nc5 Nxf4 34.Kxf4 Kb6 35.Nxd7+ Bxd7 36.Rxd7 a5
37.Be4 Rc8 38.Rb7+ Ka6 39.Rb8 Rxb8 40.Bxb8 Bh4 41.g5 Be1 42.g6 Bd2+ 43.Kg4 Bh6
44.Kh5 Bg7 45.Bd6 a4 46.Kg5 Kb6 47.Be7 Kc7 48.Bf6  1-0

[Event "7th Gibtelecom Masters"]
[Site "Caleta ENG"]
[Date "2009.01.30"]
[Round "4"]
[White "Thomassen,J"]
[Black "Hauchard,A"]
[Result "0-1"]
[WhiteElo "2290"]
[BlackElo "2497"]

1.e4 c5 2.Nf3 e6 3.d4 cxd4 4.Nxd4 a6 5.Nc3 Qc7 6.Be2 Nf6 7.Be3 Bb4 8.O-O Bxc3
9.bxc3 d5 10.exd5 Nxd5 11.Bd3 Nxe3 12.fxe3 g6 13.Qe1 O-O 14.Qh4 e5 15.Nf5 Bxf5
16.Rxf5 e4 17.Bxe4 Qxc3 18.Raf1 Qxe3+ 19.R5f2 Nc6 20.Kh1 Rae8 21.Bd5 Re7
22.Qf6 Qe5 23.Bxc6 bxc6 24.Qxc6 a5 25.Rf6 Rd8 26.Qf3 Qd5 27.Qxd5 Rxd5 28.Kg1 Rc5
29.R6f2 Rec7 30.Rc1 Rc3 31.Kf1 R7c4 32.Ke1 Ra3 33.c3 Raxc3 34.Rxc3 Rxc3 35.Kd2 Ra3
36.Ke1 h5 37.Rc2 Kg7 38.Kf2 g5 39.h3 Kg6 40.Rc6+ f6 41.Rc2 h4 42.Kg1 Kf5
43.Rf2+ Kg6 44.Rc2 f5 45.Rc6+ Kf7 46.Rc5 Ke6 47.Rc6+ Ke5 48.Rc2 Rd3 49.Kh2 Kd4
50.Rf2 Ke4 51.Re2+ Re3 52.Rc2 Kd4 53.Rf2 Re5 54.Rc2 Rc5 55.Rb2 Kc3 56.Rb8 a4
57.a3 Rc4 58.Rb5 Rf4 59.Rb8 Kc2 60.Rb5 g4 61.hxg4 fxg4 62.Rb8 Rc4 63.Rb7 Kc1
64.Rb8 Kc2 65.Rb7 Kd3 66.Rb8 Ke4 67.Re8+ Kf5 68.Rf8+ Kg6 69.Rg8+ Kh7 70.Ra8 Re4
71.Ra6 Kg7 72.Ra8 Kf6 73.Rh8 Kg5 74.Rg8+ Kf4 75.Rf8+ Ke3 76.Rh8 Kf2 77.Rf8+ Ke2
78.Rh8 Kd3 79.Rc8 Re2 80.Ra8 h3 81.Rxa4 Rxg2+ 82.Kh1 Ke3 83.Rb4 Kf3 84.Rb3+ Kf4
85.a4 Ra2 86.Rb4+ Kg3 87.Rb3+ Kh4 88.Rb4 h2 89.Rb8 Kh3  0-1

[Event "7th Gibtelecom Masters"]
[Site "Caleta ENG"]
[Date "2009.01.30"]
[Round "4"]
[White "Nithander,V"]
[Black "Erdelyi,T"]
[Result "1-0"]
[WhiteElo "2369"]
[BlackElo "2152"]

1.e4 c5 2.Nf3 e6 3.d4 cxd4 4.Nxd4 a6 5.Nc3 Qc7 6.Bd3 Nf6 7.O-O Bc5 8.Nb3 Be7
9.f4 d6 10.a4 Nc6 11.a5 b5 12.axb6 Qxb6+ 13.Kh1 O-O 14.Qe2 Nb4 15.Be3 Qb8
16.Na5 Qc7 17.Bg1 Rb8 18.e5 Nd7 19.exd6 Bxd6 20.f5 exf5 21.Bxf5 Nc5 22.Nc4 Bxf5
23.Rxf5 Rfe8 24.Qh5 Nb7 25.Qg4 Bf8 26.Raf1 Nd8 27.Ne4 Re6 28.Ng5 Rg6 29.Ne5  1-0

[Event "7th Gibtelecom Masters"]
[Site "Caleta ENG"]
[Date "2009.01.31"]
[Round "5"]
[White "Nithander,V"]
[Black "Lopez Martinez,Josep"]
[Result "1/2-1/2"]
[WhiteElo "2369"]
[BlackElo "2540"]

1.e4 c5 2.Nf3 e6 3.Nc3 a6 4.d4 cxd4 5.Nxd4 Qc7 6.Bd3 Nf6 7.O-O Bc5 8.Nb3 Ba7
9.Qe2 d6 10.a4 Nc6 11.Be3 Bxe3 12.Qxe3 b6 13.Rfd1 O-O 14.Be2 e5 15.Rd2 Nb4
16.a5 bxa5 17.Nxa5 Be6 18.f4 exf4 19.Qxf4 Rab8 20.Qxd6 Qxd6 21.Rxd6 Nxc2
22.Rb1 Nb4 23.Nc6 Nxc6 24.Rxc6 a5 25.Rc5 Rb4 26.Bf3 Rfb8 27.Rxa5 g6 28.Nd5 Bxd5
29.exd5 Rxb2 30.Rxb2 Rxb2 31.Ra8+  1/2-1/2

[Event "7th Gibtelecom Masters"]
[Site "Caleta ENG"]
[Date "2009.02.02"]
[Round "7"]
[White "Haug,M"]
[Black "Garcia Lechugo,F"]
[Result "1-0"]
[WhiteElo "1935"]
[BlackElo "1688"]

1.e4 e6 2.d4 c5 3.Nf3 cxd4 4.Nxd4 a6 5.Nc3 Nc6 6.Be2 Nf6 7.O-O Bb4 8.Qd3 O-O
9.Bg5 Be7 10.Kh1 Qc7 11.f4 e5 12.Nf5 d6 13.Nxe7+ Nxe7 14.fxe5 dxe5 15.Bxf6 gxf6
16.Rxf6 Be6 17.Raf1 Ng6 18.Nd5 Qc5 19.Bh5 Rad8 20.Bxg6 fxg6 21.Rxe6 Rxf1+
22.Qxf1 Rf8 23.Rf6 Qd6 24.Rxf8+  1-0

[Event "7th Gibtelecom Masters"]
[Site "Caleta ENG"]
[Date "2009.02.02"]
[Round "7"]
[White "De Lillo,M"]
[Black "Drenth,J"]
[Result "0-1"]
[WhiteElo "1918"]
[BlackElo "2140"]

1.e4 c5 2.Nc3 e6 3.Nf3 a6 4.d4 cxd4 5.Nxd4 Qc7 6.Bd3 Nf6 7.a3 Nc6 8.Nxc6 dxc6
9.Be3 e5 10.h3 Be6 11.O-O Be7 12.Na4 c5 13.c4 O-O 14.Qe2 b5 15.Nc3 Rab8 16.Rfb1 Rfd8
17.cxb5 c4 18.Bc2 axb5 19.Rd1 Qb7 20.Rxd8+ Rxd8 21.f3 Nh5 22.Rd1 Nf4 23.Rxd8+ Bxd8
24.Qd2 Bb6 25.Kf1 Nd3 26.Bxd3 cxd3 27.Ke1 Bc4 28.Qf2 Ba5 29.Bd2 h6 30.b4 Bb6
31.Be3 Bxe3 32.Qxe3 Qa6 33.Nb1 Qa4 34.Kf2 Qb3 35.Nd2 Qxa3 36.Nxc4 bxc4 37.Qc5 Qb2+
38.Kg3 g6 39.Qc8+ Kg7 40.Qxc4 d2 41.Qe2 Qc1 42.Qb5 Qe1+ 43.Kh2 Qa1  0-1

[Event "7th Gibtelecom Masters"]
[Site "Caleta ENG"]
[Date "2009.02.04"]
[Round "9"]
[White "Kotronias,V"]
[Black "Kozlov,O"]
[Result "0-1"]
[WhiteElo "2603"]
[BlackElo "2187"]

1.e4 c5 2.Nf3 e6 3.d4 cxd4 4.Nxd4 a6 5.Nc3 b5 6.Bd3 Qb6 7.Be3 Bc5 8.Nce2 Nc6
9.c3 b4 10.O-O bxc3 11.bxc3 Ne5 12.Rb1 Qa7 13.Bf4 Ng6 14.Bg3 Nf6 15.Nc1 O-O
16.Bc2 Bb7 17.Re1 Rac8 18.Ncb3 Be7 19.Na5 Ba8 20.c4 Bc5 21.Ndb3 Bb4 22.Re3 d5
23.exd5 exd5 24.Bf5 dxc4 25.Bxc8 cxb3 26.Rbxb3 Bxa5 27.Bb8 Qc5 28.Bxa6 Nd5
29.Rg3 Bb6  0-1

[Event "7th Gibtelecom Masters"]
[Site "Caleta ENG"]
[Date "2009.02.04"]
[Round "9"]
[White "Malmdin,N"]
[Black "D'Costa,L"]
[Result "0-1"]
[WhiteElo "2256"]
[BlackElo "2445"]

1.e4 c5 2.Nf3 e6 3.Nc3 a6 4.d4 cxd4 5.Nxd4 Qc7 6.Bd3 Nf6 7.O-O d6 8.a4 b6
9.Qe2 Bb7 10.f4 Nbd7 11.Bd2 Be7 12.Kh1 O-O 13.Rae1 Nc5 14.e5 dxe5 15.fxe5 Nd5
16.Bxh7+ Kxh7 17.Qh5+ Kg8 18.Rf3 f6 19.Rh3 fxe5 20.Qh7+ Kf7 21.Qh5+ g6 22.Qh7+ Ke8
23.Qxg6+ Kd7 24.Nf3 Rae8 25.Rh7 Kc8 26.Ne4 Nxe4 27.Qxe6+ Qd7 28.Qxd7+ Kxd7
29.Rxe4 Nf6 30.Nxe5+ Ke6  0-1

[Event "7th Gibtelecom Masters"]
[Site "Caleta ENG"]
[Date "2009.02.05"]
[Round "10"]
[White "Thomassen,J"]
[Black "Knight,S"]
[Result "1-0"]
[WhiteElo "2290"]
[BlackElo "2148"]

1.e4 c5 2.Nf3 e6 3.d4 cxd4 4.Nxd4 a6 5.Nc3 Qc7 6.Be2 Nf6 7.O-O b5 8.Bf3 Bb7
9.e5 b4 10.exf6 bxc3 11.Re1 gxf6 12.bxc3 Nc6 13.Rb1 Rb8 14.Nxc6 Bxc6 15.Rxb8+ Qxb8
16.Bxc6 dxc6 17.Qf3 Qc8 18.Qxf6 Rg8 19.Bf4 Rg4 20.Bg5 Bd6 21.Rd1 Qc7 22.f4 c5
23.Qh8+ Kd7 24.Qxh7 Kc8 25.Qh8+ Kb7 26.Rb1+ Ka7 27.Bd8  1-0

[Event "TCh-NED 2008-9"]
[Site "Netherlands NED"]
[Date "2009.02.07"]
[Round "5"]
[White "Kroeze,F"]
[Black "Smeets,J"]
[Result "0-1"]
[WhiteElo "2424"]
[BlackElo "2593"]

1.e4 c5 2.Nf3 e6 3.Nc3 a6 4.d4 cxd4 5.Nxd4 b5 6.Bd3 Qb6 7.Nf3 Nc6 8.O-O d6
9.Bf4 Nf6 10.e5 dxe5 11.Nxe5 Bb7 12.Ng4 Nh5 13.Be3 Qc7 14.Re1 O-O-O 15.Qe2 Nf4
16.Bxf4 Qxf4 17.Qe4 Qg5 18.Qf3 h5 19.Ne3 Ne5  0-1

[Event "TCh-HUN 2008-9"]
[Site "Budapest HUN"]
[Date "2009.02.08"]
[Round "7"]
[White "Erdelyi,Z"]
[Black "Rigo,Z"]
[Result "1-0"]
[WhiteElo "2363"]
[BlackElo "2390"]

1.e4 c5 2.Nf3 e6 3.d4 cxd4 4.Nxd4 a6 5.Nc3 b5 6.Bd3 d6 7.O-O Nf6 8.Re1 Be7
9.Re3 Bb7 10.a3 h5 11.Rg3 Kf8 12.Bg5 Nbd7 13.Qd2 Ne5 14.Re1 Rc8 15.Nce2 h4
16.Rh3 Nxe4 17.Bxe7+ Qxe7 18.Bxe4 Bxe4 19.Nf4 Bh7 20.Qa5 g5 21.Qxa6 Kg7 22.Nh5+ Kh6
23.f4 Ng4 24.Ng3 Qf6 25.fxg5+ Qxg5 26.Qxd6 Rhd8 27.Qb6 Kg7 28.Nf3 Qf4 29.Nh5+  1-0

[Event "TCh-HUN 2008-9"]
[Site "Kazincbarcika HUN"]
[Date "2009.02.08"]
[Round "7"]
[White "Cao Sang"]
[Black "Sikula,V"]
[Result "1/2-1/2"]
[WhiteElo "2488"]
[BlackElo "2528"]

1.e4 c5 2.Nc3 e6 3.Nf3 a6 4.d4 cxd4 5.Nxd4 Qc7 6.Bd3 Bc5 7.Nb3 Be7 8.O-O d6
9.Kh1 Nf6 10.Qe2 Nbd7 11.f4 b6 12.Bd2 Bb7 13.Rae1 O-O 14.Rf3 g6 15.Rh3 h5
16.Nd1 Ng4 17.Ne3 Ndf6 18.Nxg4 Nxg4 19.Bc3 Bf6 20.Bxf6 Nxf6 21.Rg3 Kg7 22.Nd4 e5
23.fxe5 dxe5 24.Nf5+ Kh7 25.Rf1 Qd8 26.Rgf3 Ng4 27.h3 gxf5 28.hxg4 hxg4 29.Rxf5 Qh4+
30.Kg1 f6 31.R1f2 Qh6 32.g3 Qc1+ 33.Rf1 Qh6 34.R1f2 Qc1+ 35.Kg2 Qh6 36.Kg1  1/2-1/2

[Event "ch-CZE Juniors"]
[Site "Decin CZE"]
[Date "2009.02.10"]
[Round "1"]
[White "Ponizil,C"]
[Black "Havlikova,K"]
[Result "1-0"]
[WhiteElo "2245"]
[BlackElo "2172"]

1.e4 c5 2.Nf3 e6 3.Nc3 a6 4.d4 cxd4 5.Nxd4 Qc7 6.Bd3 Nf6 7.O-O Bc5 8.Nb3 Ba7
9.Qe2 Nc6 10.a4 Ne5 11.Bf4 d6 12.Kh1 Bd7 13.Be3 Nc6 14.Nb5 axb5 15.axb5 O-O
16.bxc6 bxc6 17.Rxa7 Rxa7 18.Bxa7 Qxa7 19.e5 dxe5 20.Qxe5 Rd8 21.Qc5 Qxc5
22.Nxc5 Be8 23.f3 Kf8 24.Kg1 Nd7 25.Nxd7+ Rxd7 26.Kf2 g6 27.Ke3 Ke7 28.f4 Rb7
29.b3 Bd7 30.Ra1 Kd6 31.Ra8 e5 32.Rh8 exf4+ 33.Kxf4 h5 34.Rd8 Ke7 35.Ra8 Kf6
36.Ra6 g5+ 37.Ke3 Ke7 38.Ra5 f6 39.h4 gxh4 40.Rxh5 Rb4 41.Bc4 Be6 42.Rxh4 Bxc4
43.Rxc4 Rb6 44.Re4+ Kd6 45.Kf4 Rb5 46.g4 Rd5 47.b4 Rb5 48.Rd4+ Ke6 49.Rc4 Rb6
50.Re4+ Kf7 51.c3 Rb5 52.Rc4 Rb6 53.Kf5 Ra6 54.Rc5 Rb6 55.Ra5 Rb7 56.Ra6 Rb5+
57.Kf4 c5 58.Ra5  1-0

[Event "ch-CZE Juniors"]
[Site "Decin CZE"]
[Date "2009.02.14"]
[Round "5"]
[White "Vlasak,Lu"]
[Black "Krejci,Jan2"]
[Result "0-1"]
[WhiteElo "2163"]
[BlackElo "2426"]

1.e4 c5 2.Nf3 e6 3.d4 cxd4 4.Nxd4 a6 5.Nc3 Qc7 6.Bd3 Nf6 7.O-O Bc5 8.Nb3 Be7
9.f4 d6 10.a4 b6 11.a5 Nbd7 12.axb6 Qxb6+ 13.Kh1 h5 14.Qe2 Ng4 15.Na5 Nc5
16.Nc4 Qc7 17.h3 Nxd3 18.cxd3 Qa7 19.e5 Bd7 20.exd6 Bf6 21.Nd5 Kf8 22.Ndb6 Bd4
23.Nxd7+ Qxd7 24.Qe4 Qa7 25.Rxa6 Qxa6 26.Qxd4 Nh6 27.d7 Rd8 28.Ne5 Nf5 29.Qf2 Kg8
30.Be3 Nxe3 31.Qxe3 f6 32.Ng6 Rh6 33.f5 Rxd7 34.Qc5 Qd6 35.Qc8+ Rd8 36.Qc4 Kh7
37.Nf4 exf5 38.b4 Rb8 39.Qc5 Qxc5 40.bxc5 Kg8 41.c6 Kf7 42.Ra1 Ke7 43.Re1+ Kd6
44.Re6+ Kc5 45.c7 Rc8 46.Re7 g5  0-1

[Event "TCh-FIN"]
[Site "Finland FIN"]
[Date "2009.02.14"]
[Round "6"]
[White "Agopov,M"]
[Black "Miezis,N"]
[Result "0-1"]
[WhiteElo "2436"]
[BlackElo "2540"]

1.e4 c5 2.Nf3 e6 3.d4 cxd4 4.Nxd4 a6 5.Nc3 Qc7 6.Bd3 Nc6 7.Nxc6 dxc6 8.O-O Nf6
9.f4 e5 10.Kh1 Bd6 11.f5 h5 12.Be3 Qe7 13.Qe2 Bc5 14.Bg5 h4 15.Rf3 Rh5 16.Be3 b5
17.a4 Rb8 18.axb5 axb5 19.Nd1 Bd7 20.c3 Bxe3 21.Nxe3 Rh8 22.b4 Nh5 23.Qa2 Rd8
24.Bc2 Bc8 25.Kg1 Rh6 26.Rd1 Rhd6 27.Rf2 Rxd1+ 28.Bxd1 Nf6 29.Bc2 Bb7 30.Nf1 Qc7
31.Nd2 Ng4 32.Qa7 Ra8  0-1

[Event "It B"]
[Site "Nancy FRA"]
[Date "2009.02.17"]
[Round "3"]
[White "Paci,C"]
[Black "Wiley,To"]
[Result "1/2-1/2"]
[WhiteElo "2300"]
[BlackElo "2293"]

1.Nf3 c5 2.e4 e6 3.Nc3 a6 4.d4 cxd4 5.Nxd4 b5 6.g3 Bb7 7.Bg2 Nf6 8.O-O b4
9.Na4 Bxe4 10.Bxe4 Nxe4 11.Re1 d5 12.Nxe6 fxe6 13.Qh5+ g6 14.Qe5 Qf6 15.Rxe4 Qxe5
16.Rxe5 Kf7 17.Bd2 Nc6 18.Re3 Bd6 19.Rae1 Rhe8 20.Rf3+ Kg7 21.Bg5 Rab8 22.c3 bxc3
23.Nxc3 Kg8 24.Bf6 Bf8 25.Ne2 e5 26.Nc3 d4 27.Ne4 Rxb2 28.Bg5 Bg7 29.Rc1 Re6
30.Nc5 Rd6 31.Ne4 Re6 32.Nc5 Rd6 33.Ne4 Bf8 34.Re1 Bg7 35.Nf6+  1/2-1/2

[Event "ch-CZE"]
[Site "Decin CZE"]
[Date "2009.02.19"]
[Round "10"]
[White "Simacek,P"]
[Black "Mirumian,V"]
[Result "1/2-1/2"]
[WhiteElo "2493"]
[BlackElo "2508"]

1.e4 c5 2.Nf3 e6 3.d4 cxd4 4.Nxd4 a6 5.Nc3 d6 6.g4 b5 7.Bg2 Bb7 8.g5 Nd7
9.Qh5 g6 10.Qh3 Bg7 11.Be3 b4 12.Nce2 Rc8 13.c3 bxc3 14.Nxc3 Ne7 15.Rd1 O-O
16.O-O Ne5 17.Bc1 Qb6 18.Nxe6 fxe6 19.Qxe6+ Rf7 20.Rxd6 Rc6 21.Rxc6 Qxc6
22.Qxc6 N7xc6 23.f4 Nd3 24.e5 Nxc1 25.Bd5 Nd3 26.Rd1 Ncxe5 27.Bxf7+ Kxf7
28.fxe5 Nxe5 29.Rd8 Bc6 30.Rc8 Bf8  1/2-1/2

[Event "ch-VIE Stage1"]
[Site "Ha Noi VIE"]
[Date "2009.02.19"]
[Round "7"]
[White "Nguyen Thanh Son"]
[Black "Bui Vinh"]
[Result "1/2-1/2"]
[WhiteElo "2362"]
[BlackElo "2509"]

1.e4 c5 2.Nf3 e6 3.Nc3 a6 4.d4 cxd4 5.Nxd4 Qc7 6.Be2 Nf6 7.O-O Nc6 8.Be3 Bb4
9.Nxc6 bxc6 10.Qd4 c5 11.Qc4 Bb7 12.Bf3  1/2-1/2

[Event "Spring"]
[Site "Mukachevo UKR"]
[Date "2009.02.24"]
[Round "3"]
[White "Kostromin,M"]
[Black "Kristofori,A"]
[Result "1-0"]
[WhiteElo "2378"]
[BlackElo "2012"]

1.e4 c5 2.Nf3 e6 3.d4 cxd4 4.Nxd4 a6 5.Nc3 Qc7 6.g3 Nf6 7.Bg2 Bb4 8.Bd2 O-O
9.O-O Be7 10.a4 Nc6 11.Nb3 b6 12.f4 d6 13.Qe2 Rb8 14.Be3 Na5 15.Nd2 Bb7 16.g4 Rfc8
17.g5 Nd7 18.f5 Nc4 19.fxe6 fxe6 20.Nxc4 Qxc4 21.Bh3 Nf8 22.Qh5 g6 23.Qf3 Rc7
24.Qf7+ Kh8 25.Bxb6 Rd7 26.Qf4 Bc6 27.Be3 Rxb2 28.Qf2 Rdb7 29.Rad1 e5 30.Rd3 Bxe4
31.Nxe4 Qxe4 32.Rc3 Rb8 33.Rc7 R2b7 34.Rxb7 Rxb7 35.Bg2 Qg4 36.h3 Qd7 37.Qf7 Rb8
38.Qf2 Qf5 39.Bd5 Qd7 40.Qf7  1-0